| 000 | 02592nam a2200457 c 4500 | ||
|---|---|---|---|
| 999 |
_c41312 _d41312 |
||
| 003 | BLK | ||
| 005 | 20220505120241.0 | ||
| 008 | 180408b bul|||||r ||||||| ||bul|| | ||
| 010 | _aKNG00044872000 | ||
| 020 | _a978-954-92673-2-7 | ||
| 040 | _aBLK | ||
| 041 |
_aBUL _cBUL |
||
| 080 |
_aУправленски дейности _b005.3 _z005.3 |
||
| 080 |
_aФорми на предприятията в зависимост от отношението към собствеността... _b334.72 _x.009 _z334.72.009 |
||
| 080 |
_aВъншна търговия. Международна търговия. Външно-търговска политика. Мита. Вж и 336. 4 _b339.5 _z339.5 |
||
| 080 |
_aПазар. Анализ на пазара. Търсене. Предлагане. Конкуренция. Маркетингова логистика _b339.13 _z339.13 |
||
| 080 |
_aМеждународни финанси. Вж и 336 _b339.7 _z339.7 |
||
| 100 | 1 |
_aВасилева, Антоанета Георгиева _eпърви автор _9273834 |
|
| 139 |
_aВасилева, Антоанета Георгиева _bВ 24 |
||
| 245 | 1 | 0 |
_aСъвременни форми на международен бизнес _cАнтоанета Георгиева Василева. |
| 257 | _aBGR | ||
| 260 |
_bНова Бълг. медийна група Холдинг _c2010 |
||
| 300 |
_a259 с. _bс ил., табл. _c24 см |
||
| 380 | _a0 | ||
| 500 | _aБиблиогр. след отд. гл. | ||
| 650 | 4 |
_aМеждународни икономически отношения _9253712 |
|
| 650 | 4 |
_aСветовно стопанство - учебници за ВУЗ _9250504 |
|
| 650 | 4 |
_aВъншна търговия - учебници за ВУЗ _9253777 |
|
| 650 | 4 |
_aМеждународни валутно-финансови отношения _9244527 |
|
| 650 | 4 |
_aБизнес, международен _9277661 |
|
| 653 | _aсветовно стопанство | ||
| 653 | _aмеждународни икономически отношения | ||
| 653 | _aвъншна търговия | ||
| 653 | _aмеждународни валутно-финансови отношения | ||
| 653 | _aбизнес | ||
| 852 | _aЦб 254147 | ||
| 856 | 4 | _qpdf | |
| 856 | 4 | _qpdf | |
| 942 |
_cKNG _n0 _s1 _01 |
||
| 944 |
_aCR _c22.12.2011 _lф / _kКети_Илиева |
||
| 944 |
_aED _c10.01.2013 _lф / |
||
| 999 | _d41312 | ||